| 000 | 00744nam a22002175i 4500 | ||
|---|---|---|---|
| 001 | 163610 | ||
| 003 | ES-MaACL | ||
| 005 | 20230906212757.0 | ||
| 008 | 050719s1859 fr | |||||||| ||fre d | ||
| 040 |
_aCAM _bspa _cCAM |
||
| 080 | _a821.133.1-32"18" | ||
| 100 | 1 |
_aRobert, Adrien. _997798 |
|
| 245 | 1 | 0 |
_aNouveaux contes excentriques / _cpar Charles Newill (Adrien Robert). |
| 260 |
_aParis : _bLibrairie de L. Hachette, _c1859 ( _fTypographie de Ch. Lahure) |
||
| 300 |
_a300 p. ; _c19 cm. |
||
| 490 | 1 | _aBibliothèque des chemins de fer | |
| 598 | _aLa serie consta en la cub. | ||
| 830 | 0 |
_aBibliothèque des chemins de fer _9188440 |
|
| 852 |
_aES-MaACL _jD-1475 _z-- Rust. _z-- Legado M. de la Fuente |
||
| 999 |
_c163610 _d163610 |
||